00838nam a22001697a 4500003000900000008004100009040007100050082001700121100004700138245008000185260008700265300003500352505021500387650001900602650002600621650002100647AR-CdUCM190226b ||||| |||| 00| 0 spa d aMUNICIPALIDAD PROVINCIAL DEL CUSCOcBIBLIOTECA MUNICIPAL DEL CUSCO a349.1 /bP77 aPontificia Universidad Catolica del Perú aConstitución deo auctore y libro I del digesto del emperador Justiniano / aPerú :bFondo editorial de la Pontificia Universidad Catolica del Perú,c1990. aXI , 249 páginas ;c20.5 cm. aContenido: La justicia y del derecho -- Del origen del derecho y de todas las magistraturas, y de la sucesión de los jurisconsultos -- Del estado de los hombres -- de la división y cualidad de las cosas ... aDerecho romano aDerecho contemporaneo aSistema juridico